All Carrier Classes of the USN - Statistics

General Stats
  • This quiz has been taken 9 times
  • The average score is 7 of 18
Answer Stats
Year they were first laid down Number of ships in class Answer % Correct
2009 2 Gerald R. Ford
100%
1968 10 Nimitz
100%
1934 3 Yorktown
71%
1958 1 Enterprise
57%
1941 24 Essex
43%
1956 3 Kitty Hawk
43%
1920 2 Lexington
43%
1943 3 Midway
43%
1964 1 John F. Kennedy
29%
1931 1 Ranger
29%
1936 1 Wasp
29%
1941 45 Bogue
14%
1942 50 Casablanca
14%
1943 19 Commencement Bay
14%
1952 4 Forrestal
14%
1911 1 Langley
14%
1939 2 Long Island
14%
1938 4 Sangamon
0%
No matching quizzes found
Score Distribution
Percent of People with Each Score
Percentile by Number Answered
Your Score History
You have not taken this quiz